|
|
|
|
| LEADER |
00000cam a2200000 7i4500 |
| 001 |
0000023223 |
| 005 |
20110721.0 |
| 008 |
110720s -uka eng |
| 020 |
|
|
|a 0071135103
|
| 040 |
|
|
|a INS
|
| 090 |
0 |
0 |
|a HF5633
|b M45 1995
|
| 100 |
1 |
|
|a Meigs, Robert B
|
| 245 |
1 |
0 |
|a Financial accounting
|c Robert F.Meigs, Walter B.Meigs, Mary A.Meigs
|
| 250 |
|
|
|a 8th ed.
|
| 260 |
|
|
|a New York :
|b McGrawHill ,
|c 1995
|
| 300 |
|
|
|a xxii,685p. :
|b ill.col. ;
|c 25cm.
|
| 500 |
|
|
|a Hadiah daripada Pusat Sumber INSPEN
|
| 500 |
|
|
|a Includes index
|
| 650 |
|
0 |
|a Accounting
|
| 700 |
1 |
|
|a Meigs, Mary A
|
| 700 |
1 |
|
|a Meigs, Walter B
|
| 999 |
|
|
|a 1000000021
|b BOOK
|c Open Shelf
|e Default branch
|